Score 0/7 Timer 03:00
0 Plays Today
Question Answer Wrong Answers
Daytona Beach and Road Course holds its first oval stock car race. This race track was instrumental in the formation of what?
1936
NASCAR
85.7%
Formula One
4.4%
INDYCAR
6.6%
Drag Racing
2%
______ Airlines Flight 370, carrying a total of 239 people, disappears en route from Kuala Lumpur to Beijing.
2014
Malaysia
80.9%
China Southern
1.2%
United
10.1%
Singapore
4.6%
Marking the beginning of an American ground war, 3,500 US Marines are dispatched to this country in order to better protect US Air Force bases.
1965
Vietnam
80.2%
South Korea
8.6%
Japan
2.9%
Philippines
5.9%
'The Fight of the Century' takes place, with ______ defeating Muhammad Ali in 15 rounds via unanimous decision.
1971
Joe Frazier
59.6%
George Foreman
25.5%
Sonny Liston
9.4%
Larry Holmes
2.9%
International Women's Day protests in ______ mark the beginning of the 'February Revolution.'
1917
St. Petersburg
52.7%
London
12.3%
Paris
18%
New York
16.3%
While addressing a convention of Evangelicals, US President Ronald Reagan labels the Soviet Union as this.
1983
Evil Empire
52.5%
Axis of Evil
21.8%
Iron Curtain
18%
Cold Comrades
4.7%
This woman, the younger sister of Mary II, becomes Queen of England, Scotland, and Ireland upon the death of William III.
1702
Queen Anne
44%
Queen Victoria
16.6%
Queen Elizabeth I
34.9%
Queen Elizabeth II
4.5%
Remove Ads.
Support Sporcle.
Get the best of Sporcle when you Go Orange. This ad-free experience offers more features, more stats, and more fun while also helping to support Sporcle. Thank you for becoming a member.

You're not logged in!

Compare scores with friends on all Sporcle quizzes.
OR
Log In

Show Comments

Extras

Top Quizzes Today


Score Distribution

Your Account Isn't Verified!

In order to create a playlist on Sporcle, you need to verify the email address you used during registration. Go to your Sporcle Settings to finish the process.

Report this User

Report this user for behavior that violates our Community Guidelines.

Details: